A Local Chrisitian Community Opens its doors to migrant Moslems (Record no. 21834)
[ view plain ]
| 000 -LEADER | |
|---|---|
| fixed length control field | 00369nam a2200109Ia 4500 |
| 100 ## - MAIN ENTRY--AUTHOR NAME | |
| Author name | Henri Desmettre |
| 245 #2 - TITLE STATEMENT | |
| Title | A Local Chrisitian Community Opens its doors to migrant Moslems |
| 500 ## - GENERAL NOTE | |
| General note | The Bulletin of Christian Institute of Islamic Studies Jan 1969 |
| 650 ## - SUBJECT ADDED ENTRY--TOPICAL TERM | |
| Topical Term | Interfaith Relations and Dialogue |
| 942 ## - ADDED ENTRY ELEMENTS (KOHA) | |
| Koha item type | Book Reviews |
No items available.
